Dividing resources by flexible majority rules

Gespeichert in:
Bibliographische Detailangaben
1. Verfasser: Gersbach, Hans (VerfasserIn)
Dokumenttyp: Article (Journal)
Sprache:Englisch
Veröffentlicht: 2004
In: Social choice and welfare
Year: 2004, Jahrgang: 23, Heft: 2, Pages: 295-308
ISSN:0176-1714
Schlagworte:
Online-Zugang: Volltext
Verfasserangaben:Hans Gersbach

MARC

LEADER 00000caa a2200000 c 4500
001 396367232
003 DE-627
005 20241202204327.0
007 tu
008 041007s2004 gw ||||| 00| ||eng c
035 |a (DE-627)396367232 
035 |a (DE-576)9396367230 
035 |a (DE-599)GBV396367232 
035 |a (OCoLC)1474568665 
040 |a DE-627  |b ger  |c DE-627  |e rakwb 
041 |a eng 
044 |c XA-DE 
084 |a 17  |2 sdnb 
100 1 |a Gersbach, Hans  |d 1959-  |0 (DE-588)112787797  |0 (DE-627)477107451  |0 (DE-576)289742420  |4 aut 
245 1 0 |a Dividing resources by flexible majority rules  |c Hans Gersbach 
264 1 |c 2004 
300 |a 14 
336 |a Text  |b txt  |2 rdacontent 
337 |a ohne Hilfsmittel zu benutzen  |b n  |2 rdamedia 
338 |a Band  |b nc  |2 rdacarrier 
650 7 |8 1.1\x  |a Abstimmungsregel  |0 (DE-627)091345626  |0 (DE-2867)10089-1  |2 stw 
650 7 |8 1.2\x  |a Öffentliche Güter  |0 (DE-627)091381126  |0 (DE-2867)11718-5  |2 stw 
650 7 |8 1.3\x  |a Verteilungsgerechtigkeit  |0 (DE-627)091398398  |0 (DE-2867)10110-1  |2 stw 
650 7 |8 1.4\x  |a Gerechtigkeit  |0 (DE-627)091362881  |0 (DE-2867)19768-6  |2 stw 
650 7 |8 1.5\x  |a Theorie  |0 (DE-627)091394902  |0 (DE-2867)19073-6  |2 stw 
655 4 |0 (DE-206)49  |a Aufsatz in Zeitschrift  |5 DE-206 
773 0 8 |i In  |t Social choice and welfare  |d Berlin : Springer, 1984  |g 23(2004), 2, Seite 295-308  |w (DE-627)130661341  |w (DE-600)855101-7  |w (DE-576)016204883  |x 0176-1714  |7 nnas  |a Dividing resources by flexible majority rules 
773 1 8 |g volume:23  |g year:2004  |g number:2  |g pages:295-308  |g extent:14  |a Dividing resources by flexible majority rules 
951 |a AR 
992 |a 20240808 
993 |a Article 
994 |a 2004 
998 |g 112787797  |a Gersbach, Hans  |m 112787797:Gersbach, Hans  |d 180000  |d 181000  |e 180000PG112787797  |e 181000PG112787797  |k 0/180000/  |k 1/180000/181000/  |p 1  |x j  |y j 
999 |a KXP-PPN396367232  |e 4563945145 
BIB |a Y 
SER |a journal 
JSO |a {"id":{"eki":["396367232"]},"physDesc":[{"extent":"14 S."}],"person":[{"family":"Gersbach","display":"Gersbach, Hans","role":"aut","given":"Hans"}],"recId":"396367232","type":{"bibl":"article-journal"},"title":[{"title":"Dividing resources by flexible majority rules","title_sort":"Dividing resources by flexible majority rules"}],"origin":[{"dateIssuedDisp":"2004","dateIssuedKey":"2004"}],"name":{"displayForm":["Hans Gersbach"]},"relHost":[{"name":{"displayForm":["managing ed.: Wulf Gaertner [u.a.]"]},"language":["eng"],"part":{"pages":"295-308","volume":"23","extent":"14","year":"2004","text":"23(2004), 2, Seite 295-308","issue":"2"},"origin":[{"dateIssuedKey":"1984","publisher":"Springer","publisherPlace":"Berlin ; Heidelberg","dateIssuedDisp":"1984-"}],"disp":"Dividing resources by flexible majority rulesSocial choice and welfare","person":[{"family":"Gaertner","display":"Gaertner, Wulf","role":"ctb","given":"Wulf"},{"family":"Ebert","display":"Ebert, Udo","given":"Udo","role":"ctb"}],"pubHistory":["1.1984/85 -"],"id":{"eki":["130661341"],"zdb":["855101-7"],"issn":["0176-1714"]},"note":["Einzelne H. auch als \"Special issue\" bez"],"type":{"bibl":"periodical"},"title":[{"title_sort":"Social choice and welfare","title":"Social choice and welfare"}],"recId":"130661341"}],"language":["eng"]} 
SRT |a GERSBACHHADIVIDINGRE2004